[Event "Barcelona Sant Marti op 11th"]
[Site "Barcelona"]
[Date "2024.02.15"]
[Round "6"]
[White "Garcia Marin, Guillem"]
[Black "De Lomas Busquets, Alba"]
[Result "0-1"]
[WhiteElo "2052"]
[BlackElo "1883"]
[PlyCount "120"]
[EventDate "2024.01.11"]
[EventType "swiss"]
[EventRounds "9"]
[EventCountry "ESP"]
[SourceTitle "CBM 219 Extra"]
[Source "ChessBase"]
[SourceDate "2024.05.31"]
[SourceVersion "1"]
[SourceVersionDate "2024.05.31"]
[SourceQuality "1"]

1. d4 d5 2. Nf3 Nf6 3. g3 h6 4. Bg2 e6 5. 0-0 Be7 6. c4 0-0 7. Qc2 a6 8. Nbd2 Nbd7 9. Rd1 b6 10. cxd5 exd5 11. Ne5 Nxe5 12. dxe5 Ng4 13. Nc4 Bc5 14. e3 Qg5 15. h3 dxc4 16. Bxa8 Nxe5 17. Bg2 Qh5 18. g4 Qh4 19. Rd5 Nd3 20. b3 Ne1 21. Qe2 Nxg2 22. Kxg2 Bb7 23. bxc4 f5 24. f3 fxg4 25. hxg4 Bd6 26. Qf2 Qh2+ 27. Kf1 Bxd5 28. cxd5 Qe5 29. Bb2 Qxd5 30. Kg2 Be5 31. Bxe5 Qxe5 32. Rd1 h5 33. Rd4 hxg4 34. Rxg4 Rf5 35. Qh4 Qb2+ 36. Kg3 Qf6 37. Qxf6 Rxf6 38. e4 Kf7 39. Rh4 Rg6+ 40. Kf4 Rg2 41. Ke5 Rxa2 42. Kd5 Ke7 43. Rg4 g5 44. Kc6 Rc2+ 45. Kb7 Kf6 46. Kxa6 Rc5 47. Rg1 Ke6 48. Kb7 b5 49. Ka6 Kd6 50. Ka5 Kc6 51. Rh1 Rc4 52. Rh6+ Kc5 53. Ka6 b4 54. Rg6 b3 55. Rxg5+ Kb4 56. Rb5+ Kc3 57. e5 b2 58. e6 Rc6+ 59. Kb7 Rxe6 60. Kxc7 Rf6 0-1

[Event "Barcelona Sant Marti op 11th"]
[Site "Barcelona"]
[Date "2024.01.11"]
[Round "1"]
[White "Garcia Marin, Guillem"]
[Black "Kovalishin, Alexey"]
[Result "1-0"]
[WhiteElo "2052"]
[BlackElo "1593"]
[PlyCount "79"]
[EventDate "2024.01.11"]
[EventType "swiss"]
[EventRounds "9"]
[EventCountry "ESP"]
[SourceTitle "CBM 219 Extra"]
[Source "ChessBase"]
[SourceDate "2024.05.31"]
[SourceVersion "1"]
[SourceVersionDate "2024.05.31"]
[SourceQuality "1"]

1. d4 Nf6 2. Nf3 g6 3. Bg5 Bg7 4. Nbd2 d5 5. e3 0-0 6. Be2 b6 7. c3 c5 8. 0-0 Re8 9. a4 Ne4 10. Nxe4 dxe4 11. Nd2 Qd5 12. Bf4 e5 13. dxe5 Bxe5 14. Bxe5 Qxe5 15. Nxe4 Bb7 16. Ng3 h5 17. Bf3 Nc6 18. h3 h4 19. Ne2 Rad8 20. Qc2 Qg5 21. Kh1 Rd6 22. Rfd1 Rf6 23. Nf4 Qh6 24. Nd5 Rxf3 25. gxf3 Nd4 26. cxd4 Bxd5 27. Qe2 Qh5 28. Kg2 Qg5+ 29. Kh2 Qh5 30. Rg1 cxd4 31. Rg4 dxe3 32. Rd1 Qe5+ 33. Kg1 exf2+ 34. Qxf2 Qf5 35. Kg2 Rc8 36. Rd2 Rc6 37. Qe3 Re6 38. Qf4 Qb1 39. Rxh4 Re1 40. Qb8+ 1-0

[Event "Catalunya-chT Gp2"]
[Site "Barcelona"]
[Date "2023.02.11"]
[Round "4.9"]
[White "Garcia Marin, Guillem"]
[Black "Martin Barcelo, Carles"]
[Result "0-1"]
[WhiteElo "2038"]
[BlackElo "2191"]
[PlyCount "86"]
[EventDate "2023.01.21"]
[EventType "team-tourn"]
[EventRounds "7"]
[EventCountry "ESP"]
[SourceTitle "CBM 213 Extra"]
[Source "ChessBase"]
[SourceDate "2023.05.31"]
[SourceVersion "1"]
[SourceVersionDate "2023.05.31"]
[SourceQuality "1"]
[WhiteTeam "Mollet"]
[BlackTeam "Barcelona Escacs CC"]
[WhiteTeamCountry "ESP"]
[BlackTeamCountry "ESP"]

1. d4 Nf6 2. Nf3 g6 3. g3 Bg7 4. Bg2 0-0 5. 0-0 d6 6. b3 b5 7. Bb2 Bb7 8. Nbd2 Nbd7 9. Re1 c5 10. Qc1 Rc8 11. Qb1 c4 12. bxc4 bxc4 13. c3 Qc7 14. Qc2 e5 15. e4 exd4 16. Nxd4 Ne5 17. Bf1 d5 18. Ba3 Rfd8 19. exd5 Nxd5 20. Rab1 Nd3 21. Bxd3 cxd3 22. Qb3 Ba8 23. Nb5 Qd7 24. f3 Nxc3 25. Re7 Qd5 26. Nc7 Rxc7 27. Rxc7 Nxb1 28. Qxb1 Re8 29. Be7 Rxe7 30. Qb8+ Bf8 31. Rc8 Re1+ 32. Kf2 Re2+ 33. Kf1 Kg7 34. Rxf8 Qc5 35. Rg8+ Kh6 36. Qf4+ Qg5 37. Qxg5+ Kxg5 38. h4+ Kf6 39. Rxa8 Rxd2 40. Rxa7 Ke6 41. a4 Ra2 42. a5 Ra1+ 43. Kf2 d2 0-1

[Event "Catalunya-chT GpA final"]
[Site "Barcelona"]
[Date "2019.03.16"]
[Round "1.9"]
[White "Garcia Marin, Guillem"]
[Black "Hapala, Elisabeth"]
[Result "1/2-1/2"]
[WhiteElo "2067"]
[BlackElo "2143"]
[PlyCount "133"]
[EventDate "2019.03.16"]
[EventType "team-tourn"]
[EventRounds "3"]
[EventCountry "ESP"]
[SourceTitle "CBM 189 Extra"]
[Source "ChessBase"]
[SourceDate "2019.05.31"]
[SourceVersion "1"]
[SourceVersionDate "2019.05.31"]
[SourceQuality "1"]
[WhiteTeam "Mollet"]
[BlackTeam "Sant Josep de Badalona"]
[WhiteTeamCountry "ESP"]
[BlackTeamCountry "ESP"]

1. d4 Nf6 2. Bf4 b6 3. e3 Bb7 4. Nd2 g6 5. h3 Bg7 6. Ngf3 0-0 7. Be2 d6 8. 0-0 c5 9. c3 Ne4 10. Nxe4 Bxe4 11. a4 a6 12. Bh2 Qc7 13. Nd2 Bb7 14. Bf3 Nd7 15. Qb3 Rab8 16. Rfd1 Rfc8 17. Bg4 h5 18. Bf3 b5 19. axb5 Bxf3 20. Nxf3 axb5 21. Ng5 c4 22. Qc2 b4 23. Qe4 Nf6 24. Qf3 bxc3 25. bxc3 Rb3 26. Rdc1 Bh6 27. Ne4 Nxe4 28. Qxe4 Rcb8 29. Bg3 Qb7 30. Qh4 Rb2 31. Bf4 Bg7 32. g4 hxg4 33. Qxg4 Qe4 34. Qg2 Qxg2+ 35. Kxg2 R8b3 36. e4 Re2 37. Be3 Rbb2 38. Kf3 Rec2 39. Kg2 Kh7 40. Rxc2 Rxc2 41. Ra7 Bf6 42. e5 dxe5 43. dxe5 Bxe5 44. Rxe7 Bxc3 45. Rxf7+ Kg8 46. Rc7 Be5 47. Rc6 Kf7 48. Kf3 Bf6 49. Ke4 c3 50. Rc7+ Ke6 51. Rc6+ Kf7 52. Rc7+ Ke6 53. Rc6+ Ke7 54. Bc5+ Kf7 55. Be3 Ra2 56. Bd4 Bxd4 57. Kxd4 Rxf2 58. Rxc3 Kf6 59. Ke4 Kg5 60. Rg3+ Kh5 61. Ke3 Rf8 62. Rg4 g5 63. Ke2 Ra8 64. Kf3 Ra3+ 65. Kg2 Ra2+ 66. Kg3 Ra3+ 67. Kg2 1/2-1/2

[Event "Catalunya-chT Gp1"]
[Site "Barcelona"]
[Date "2019.02.16"]
[Round "5.9"]
[White "Garcia Marin, Guillem"]
[Black "Alvarez Albiol, Victor"]
[Result "1-0"]
[WhiteElo "2067"]
[BlackElo "2117"]
[PlyCount "91"]
[EventDate "2019.01.19"]
[EventType "team-tourn"]
[EventRounds "7"]
[EventCountry "ESP"]
[SourceTitle "CBM 189 Extra"]
[Source "ChessBase"]
[SourceDate "2019.05.31"]
[SourceVersion "1"]
[SourceVersionDate "2019.05.31"]
[SourceQuality "1"]
[WhiteTeam "Mollet"]
[BlackTeam "Foment Martinenc"]
[WhiteTeamCountry "ESP"]
[BlackTeamCountry "ESP"]

1. d4 Nf6 2. Nf3 c5 3. c3 d5 4. Bf4 Nc6 5. e3 Qb6 6. Qb3 c4 7. Qc2 Bf5 8. Qc1 e6 9. Nbd2 Be7 10. Be2 0-0 11. 0-0 Qd8 12. Ne5 Nxe5 13. Bxe5 Bd6 14. Bxf6 Qxf6 15. e4 dxe4 16. Nxc4 Bc7 17. Ne3 Qh6 18. g3 Bh3 19. Ng2 Qg6 20. Re1 Bxg2 21. Kxg2 f5 22. Qc2 h5 23. Bc4 Kh8 24. Rad1 Rae8 25. Bb5 Re7 26. Bc4 Ree8 27. Bb5 Re7 28. Bc4 a6 29. a4 Bd6 30. b3 Rc7 31. d5 exd5 32. Rxd5 Re7 33. Qe2 Be5 34. Qe3 Qf6 35. Red1 Kh7 36. Qc5 Rc7 37. Qe3 Rb8 38. Qe2 g6 39. Rd7+ Rxd7 40. Rxd7+ Kh8 41. Qd2 f4 42. Qd5 fxg3 43. hxg3 Rf8 44. Rf7 Rxf7 45. Qxf7 Bxc3 46. Qg8# 1-0

[Event "Catalunya-chT Gp1"]
[Site "Barcelona"]
[Date "2019.01.26"]
[Round "2.8"]
[White "Garcia Marin, Guillem"]
[Black "Bruned Segura, Mario"]
[Result "0-1"]
[WhiteElo "2067"]
[BlackElo "2067"]
[PlyCount "106"]
[EventDate "2019.01.19"]
[EventType "team-tourn"]
[EventRounds "7"]
[EventCountry "ESP"]
[SourceTitle "CBM 188 Extra"]
[Source "ChessBase"]
[SourceDate "2019.02.28"]
[SourceVersion "1"]
[SourceVersionDate "2019.02.28"]
[SourceQuality "1"]
[WhiteTeam "Mollet"]
[BlackTeam "Lleida"]
[WhiteTeamCountry "ESP"]
[BlackTeamCountry "ESP"]

1. d4 d6 2. Bf4 Nf6 3. e3 Nbd7 4. Nf3 Nh5 5. Bg5 h6 6. Bh4 g5 7. Nfd2 Ndf6 8. Be2 gxh4 9. Bxh5 e5 10. Bf3 exd4 11. exd4 Qe7+ 12. Qe2 Qxe2+ 13. Kxe2 Bf5 14. Bxb7 Rb8 15. Bc6+ Kd8 16. Na3 d5 17. Rab1 Rg8 18. g3 Rb6 19. Ba4 Rb4 20. Bb3 Rxd4 21. Rhd1 Bxa3 22. bxa3 Bh3 23. f3 hxg3 24. hxg3 Rxg3 25. Rg1 Rg5 26. Rxg5 hxg5 27. Rg1 g4 28. fxg4 Rxg4 29. Rxg4 Bxg4+ 30. Ke3 Ke7 31. c4 c6 32. cxd5 cxd5 33. Kf4 Be6 34. Nf3 Kd6 35. Nd4 Bd7 36. Bc2 Ne8 37. Bd3 Nc7 38. Nb3 Ne6+ 39. Ke3 Ke5 40. Ba6 Bc6 41. Na5 d4+ 42. Kf2 Bd5 43. Bd3 Nc5 44. Bc2 d3 45. Bd1 Kd4 46. Nb3+ Bxb3 47. axb3 Ne4+ 48. Ke1 Ke3 49. Bh5 Nc3 50. b4 f5 51. a4 f4 52. a5 d2+ 53. Kf1 f3 0-1

[Event "Catalunya-chT GpA final"]
[Site "Barcelona"]
[Date "2018.04.07"]
[Round "3.9"]
[White "Rahal, Michael"]
[Black "Garcia Marin, Guillem"]
[Result "1-0"]
[WhiteElo "2312"]
[BlackElo "2066"]
[PlyCount "69"]
[EventDate "2018.03.10"]
[EventType "team-tourn"]
[EventRounds "4"]
[EventCountry "ESP"]
[SourceTitle "CBM 183 Extra"]
[Source "ChessBase"]
[SourceDate "2018.04.19"]
[SourceVersion "1"]
[SourceVersionDate "2018.04.19"]
[SourceQuality "1"]
[WhiteTeam "Colon Sabadell"]
[BlackTeam "Mollet"]
[WhiteTeamCountry "ESP"]
[BlackTeamCountry "ESP"]

1. e4 e5 2. Nf3 Nf6 3. d4 Nxe4 4. Bd3 Nc6 5. dxe5 Nc5 6. Bf4 Be7 7. Bc4 0-0 8. 0-0 b6 9. Nc3 Bb7 10. Re1 Ne6 11. Bg3 Bb4 12. Re3 Bxc3 13. Rxc3 Ne7 14. Nd4 Nxd4 15. Qxd4 Bc6 16. Qg4 Qc8 17. Qg5 Nd5 18. Bxd5 Bxd5 19. Re1 Qb7 20. Bh4 Rae8 21. Rg3 g6 22. Qh6 Qc6 23. Rc3 Qe6 24. f3 f6 25. exf6 Qf7 26. Rxe8 Rxe8 27. Rxc7 a5 28. Qg7+ Qxg7 29. fxg7 Bc6 30. Bf6 Kf7 31. Bd4 Rb8 32. Kf2 Ke6 33. Bxb6 Kd6 34. Ra7 Bd5 35. Bc7+ 1-0

[Event "Sabadell op-A 10th"]
[Site "Sabadell"]
[Date "2017.09.07"]
[Round "7"]
[White "Garcia Marin, Guillem"]
[Black "Gonzalez Rodriguez, Jorge Armando"]
[Result "0-1"]
[WhiteElo "2059"]
[BlackElo "2259"]
[PlyCount "80"]
[EventDate "2017.09.01"]
[EventType "swiss"]
[EventRounds "9"]
[EventCountry "ESP"]
[SourceTitle "CBM 180 Extra"]
[Source "ChessBase"]
[SourceDate "2017.10.06"]
[SourceVersion "1"]
[SourceVersionDate "2017.10.06"]
[SourceQuality "1"]

1. d4 b6 2. Bf4 Bb7 3. e3 Nf6 4. Nf3 Nh5 5. Bg5 h6 6. Bh4 g5 7. Ne5 Nf6 8. Bg3 d6 9. Nf3 Ne4 10. Nc3 Nxg3 11. hxg3 Bg7 12. Bd3 e6 13. Be4 d5 14. Bd3 c5 15. Bb5+ Nd7 16. Ne2 a6 17. Bxd7+ Qxd7 18. c3 a5 19. g4 0-0-0 20. Qb3 Qc6 21. Ng3 Kb8 22. Nh5 Bf8 23. 0-0-0 Bd6 24. Kb1 Ka7 25. c4 dxc4 26. Qxc4 Qe4+ 27. Ka1 Qxg4 28. Ng3 Bxf3 29. gxf3 Qxf3 30. dxc5 Bxg3 31. cxb6+ Kb7 32. Qa4 Bb8 33. Rd7+ Rxd7 34. Qxd7+ Kxb6 35. Rc1 Qd5 36. Qxf7 Rc8 37. Rb1 Be5 38. e4 Qc4 39. Qd7 Ka6 40. a4 Rb8 0-1

[Event "Barcelona Sant Marti op 6th"]
[Site "Barcelona"]
[Date "2017.01.12"]
[Round "1"]
[White "Subirana Santos, Marc"]
[Black "Garcia Marin, Guillem"]
[Result "0-1"]
[WhiteElo "1690"]
[BlackElo "2052"]
[PlyCount "88"]
[EventDate "2017.01.12"]
[EventType "swiss"]
[EventRounds "9"]
[EventCountry "ESP"]
[SourceTitle "EXT 2018"]
[Source "ChessBase"]
[SourceDate "2017.10.13"]
[SourceVersion "1"]
[SourceVersionDate "2017.10.13"]
[SourceQuality "1"]

1. c4 Nf6 2. Nc3 d5 3. cxd5 Nxd5 4. Nf3 g6 5. g3 Bg7 6. Bg2 Nb6 7. 0-0 0-0 8. d4 Nc6 9. e3 e5 10. dxe5 Nxe5 11. h3 c6 12. Nxe5 Bxe5 13. Qc2 Qe7 14. e4 Be6 15. Bh6 Rfd8 16. b3 Qf6 17. Rac1 g5 18. f4 Bd4+ 19. Kh2 Qxh6 20. Ne2 Be3 21. f5 Bxc1 22. fxe6 Qxe6 23. Qxc1 h6 24. Qc3 Rd6 25. e5 Nd5 26. Qd4 Rd7 27. Qe4 Re8 28. Rf2 Qxe5 29. Qg4 Qe6 30. Qxe6 Rxe6 31. Bf3 Ne3 32. Bh5 f6 33. Nc3 Rd2 34. Rxd2 Nf1+ 35. Kg2 Nxd2 36. Be2 Kg7 37. Kf2 Ne4+ 38. Nxe4 Rxe4 39. Kf3 Rxe2 40. Kxe2 f5 41. a4 Kf6 42. Ke3 Ke5 43. b4 b6 44. Kf3 c5 0-1

[Event "Barcelona Puig Memorial op 2nd"]
[Site "Barcelona"]
[Date "2016.10.26"]
[Round "4"]
[White "Vallbona Domingo, Joan"]
[Black "Garcia Marin, Guillem"]
[Result "0-1"]
[WhiteElo "1972"]
[BlackElo "2062"]
[PlyCount "71"]
[EventDate "2016.09.28"]
[EventType "swiss"]
[EventRounds "9"]
[EventCountry "ESP"]
[SourceTitle "EXT 2018"]
[Source "ChessBase"]
[SourceDate "2017.10.13"]
[SourceVersion "1"]
[SourceVersionDate "2017.10.13"]
[SourceQuality "1"]

1. c4 d6 2. Nc3 e5 3. d4 exd4 4. Qxd4 Nc6 5. Qd2 Nf6 6. b3 a5 7. Bb2 Be6 8. e4 a4 9. Rd1 Be7 10. Nf3 0-0 11. Be2 axb3 12. axb3 Nd7 13. Nd5 Nc5 14. Qc3 Bf6 15. Nxf6+ Qxf6 16. Qxf6 gxf6 17. Nd2 f5 18. f3 Ra2 19. Rb1 fxe4 20. 0-0 f5 21. fxe4 fxe4 22. Rxf8+ Kxf8 23. Kf2 Nb4 24. Bc3 Nc2 25. Nf1 e3+ 26. Kf3 Bf5 27. Rb2 Be4+ 28. Kf4 Rxb2 29. Bxb2 Bxg2 30. Nxe3 Nxe3 31. Kxe3 Nxb3 32. Bd3 h6 33. Bg6 Bf1 34. Be4 Nc5 35. Bf3 Bxc4 36. Kf4 0-1